Marxism and Literary Criticism

Uloženo v:
Podrobná bibliografie
Hlavní autor: Eagleton, Terry
Médium: Kniha
Jazyk:English
Vydáno: California, Estados Unidos University of California Press 1976
Témata:
Tagy: Přidat tag
Žádné tagy, Buďte první, kdo vytvoří štítek k tomuto záznamu!

MARC

LEADER 00000nam a2200000Ia 4500
008 170316s9999 xx 000 0 eng d
999 |c 30892  |d 30892 
040 |a cru BVZT 
090 |a 801 E-1.1m 
100 |a Eagleton, Terry 
245 |a Marxism and Literary Criticism  |c  / Terry Eagleton 
260 |a California, Estados Unidos 
260 |b University of California Press 
260 |c 1976 
300 |a 88 páginas 
650 |a TEORÍA LITERARIA  |9 178 
650 |a EN IDIOMA INGLÉS  |9 129 
650 |a MARXISMO 
650 |a MARX   |9 295 
650 |a ENGELS 
650 |a LUKÁCS 
650 |a GOLDMANN 
650 |a PIERRE MACHEREY 
650 |a EL AUTOR COMO PRODUCTOR 
650 |a FORMA Y CONTENIDO 
650 |a LITERATURA - HISTORIA 
650 |a EL ESCRITOR Y COMPROMISO 
650 |a BERTOLT BRECHT 
650 |a REALISMO - MODERNISMO 
650 |a CRÍTICA LITERARIA  |9 189 
942 |c 15 D  |h 801 E-1.1m  |2 z